Personality Development (Record no. 3747)

MARC details
000 -LEADER
fixed length control field 00386nam a22001697a 4500
005 - DATE AND TIME OF LATEST TRANSACTION
control field 20160624095006.0
008 - FIXED-LENGTH DATA ELEMENTS--GENERAL INFORMATION
fixed length control field 160624b xxu||||| |||| 00| 0 eng d
020 ## - INTERNATIONAL STANDARD BOOK NUMBER
ISBN 0-07-099360-2
041 ## - LANGUAGE CODE
Language code of text/sound track or separate title eng
082 ## - DEWEY DECIMAL CLASSIFICATION NUMBER
Item number 9674
100 ## - MAIN ENTRY--AUTHOR NAME
Personal name Hurlock, Elizabeth B
245 ## - TITLE STATEMENT
Title Personality Development
260 ## - PUBLICATION, DISTRIBUTION, ETC. (IMPRINT)
Name of publisher TMH
Year of publication 1976
300 ## - PHYSICAL DESCRIPTION
Number of Pages 443
650 ## - SUBJECT ADDED ENTRY--TOPICAL TERM
Topical Term Management
942 ## - ADDED ENTRY ELEMENTS (KOHA)
Koha item type Books
Holdings
Lost status Damaged status Collection code Home library Current library Shelving location Date acquired Cost, normal purchase price Full call number Accession Number Koha item type
    LIFE SKILL JRU Library JRU Library SHELF-71-D 24/06/2016 215.00 155.25 9674 Books